35 rokov rokov Banskobystrického okresu

Bibliographic Details
Other Authors: Kmeť, Stanislav, 1916-2002 (Compiler), Bero, Rastislav, 1935- (Photographer)
Format: Book
Language:Slovak
PhysicalDescription:187 s. diagr., fotogr., grafy, tab. 25 cm 1 voľná mapová príloha
Published: Martin Osveta 1979
Edition:1. vyd.
Subjects:

MARC

LEADER 00000cam a2200000 a 4500
001 vtls001116075
003 SK-MaSNL
005 20260425232139.0
008 250414s1979 xo odblfrn 00000 slo
015 |a SNBA1979/02 
020 |q (viaz.) 
035 |a SNK000058918 
040 |a SNK  |b slo  |c SNK  |e AACR2 
041 0 |a slo  |b eng  |b ger  |b rus 
043 |a e-xo--- 
044 |a xo  |c SK 
080 |a 338.1(437.642)"1944/1979"(084.12)  |2 1981 
080 |a 330.34  |2 2011 
080 |a (437.642)  |2 2011 
080 |a (082.2)  |2 2011 
080 |a (084.12)  |2 2011 
080 |a (048.8)  |2 2011 
245 0 0 |a 35 rokov rokov Banskobystrického okresu  |c zostavil Stanislav Kmeť ; [fotografie Rastislav Bero a kolektív] 
246 3 |a Tridsaťpäť rokov Banskobystrického okresu 
250 |a 1. vyd. 
260 |a Martin  |b Osveta  |c 1979 
300 |a 187 s.  |b diagr., fotogr., grafy, tab.  |c 25 cm  |e 1 voľná mapová príloha 
366 |e 7000 výtl. 
500 |a Mapy na predsádkach 
504 |a Obsahuje bibliografické odkazy 
504 |a Anglické, nemecké a ruské resumé 
648 7 |a 1944-1979  |2 SNKPH  |9 450995 
650 0 7 |a ekonomický rozvoj  |2 SNKPH  |9 49952 
651 7 |a Banská Bystrica (Slovensko : okres)  |2 SNKPHgeo  |9 74246 
655 7 |a jubilejné publikácie  |2 SNKPH  |9 70339 
655 7 |a fotografické publikácie  |2 SNKPH  |9 70483 
655 7 |a monografie  |2 SNKPH  |9 70139 
700 1 |a Kmeť, Stanislav,  |d 1916-2002  |4 com  |9 227616 
700 1 |a Bero, Rastislav,  |d 1935-  |4 pht  |9 151372 
852 |a Slovenská národná knižnica 
954 |a odborná, vedecká literatúra pôvodná (slovenská)  |2 lita 
954 |a obrazové publikácie zamerané na výtvarné umenie a fotografiu pôvodné (slovenské)  |2 lita 
958 |a RK 
958 |a TL 
958 |a NB 
958 |a OND 
999 |c 730494  |d 732424 
952 |t P60, <04>, [BOOK], {604}  |a SNK  |b SNK  |y VYP  |7 0  |p 17A0233342  |o snkSC 46741 D1  |0 0  |1 0  |4 0  |d 2000-04-19  |l 0  |r 2004-12-31 00:00:00  |w 2026-02-23 
952 |a SNK  |b SNK  |y PREZ  |7 0  |p 17A0818371  |o snkSC 46741   |0 0  |1 0  |4 0  |d 2012-07-31  |l 0  |r 2025-10-28 00:00:00  |w 2026-02-23